LDR 00925nam a2200229 i 4500 001 000000108342 003 CaOOAMICUS 005 20110117000000.0 008 110117s1971 xx u000 u und u 013 $a80987 040 $aSeMil$bita 100 1 $aBogliolo, Luigi <1910-1999>.$0(OLS)http://semarc/name/4966 245 10$aLinguaggio teologico e ateismo /$cLuigi Bogliolo. 260 $aRoma :$bPontificia Università Lateranense,$c1971. 300 $a124 p. ;$c25 cm. 650 4$aLinguaggio teologico.$0(OLS)http://semarc/subject/5979 650 4$aAteismo.$0(OLS)http://semarc/subject/2022 850 $aSeMil 852 $aSeMil$W1$xVenegono$y1$m2I III 167$j64438$B64438$CSeMilBibl$Z2$F158297 $81 961 $aOmaggio: Calcaterra don Carlo 996 $6245$aLinguaggio teologico e ateismo$9(OLS)http://semarc/title/157092 996 $6260$aRoma :$bPontificia Università Lateranense$9(OLS)http://semarc/publisher/30174